000 01056cab a2200277 4500
001 ABS58197
008 090401t1997 xxu||||| |||| 00| 0 eng d
035 _a(Sirsi) u83299
041 _aeng
100 _aDoree, A.
245 _aConstruction procurement by Dutch Municipalities
260 _c1997
350 _a0
490 _aJournal of Construction Procurement
_v3(3) November 1997, 78-88(11)
520 _aFocuses on the procurement practice of the municipalities in the Netherlands. Statistical data suggest that Dutch municipalities prefer limited tendering procedures, and seem to avoid public tender procedures. This paper reports on research into the reasons for such preference. (Taken from the journal abstract.) References.
650 _aCONSTRUCTION PROCUREMENT
650 _aEUROPEAN DIRECTIVES
650 _aNETHERLANDS
650 _aPROCUREMENT PROCEDURES
650 _aRESEARCH
650 _aTENDER PROCEDURES
650 _aTENDERING PROCEDURES
690 _aOVERSEAS-EUROPE
942 _n0
948 _c26/01/1998
999 _c52602
_d52602